000 00504nam a2200145Ia 4500
008 090122s9999 xx 000 0 und d
082 _b10423
100 _aभोळे
_bलक्ष्मण/
_cबेडकिहाळ
245 _aशतकांतराच्या वळणावर
600 _aभोळे
630 _aशतकांतराच्या वळणावर
700 _aभोळे
730 _aशतकांतराच्या वळणावर
942 _cBOOK
999 _c34500
_d34500